Bodas de Sangre (Registro nro. 10458)
[ vista simple ]
| 000 -CABECERA | |
|---|---|
| Longitud fija campo de control | 00677nam a2200217 a 4500 |
| 003 - • IDENTIFICADOR DELl NÚMERO DE CONTROL | |
| Identificador del número de control | CO-ViMGA |
| 008 - • CÓDIGOS DE INFORMACIÓN DE LONGITUD FIJA | |
| Códigos de información de longitud fija | 141112s2004 ck r 000 u spa d |
| 020 ## - • NÚMERO INTERNACIONAL NORMALIZADO PARA LIBROS | |
| Número Internacional Normalizado para Libros (ISBN) | 9580415137, 9583002151, 9586154874 |
| 040 ## - FUENTE DE LA CATALOGACIÓN | |
| Centro catalogador de origen | CO-ViMGA |
| Lengua de catalogación | spa |
| Centro transcriptor | CO-ViMGA |
| 082 04 - • NÚMERO DE LA CLASIFICACIÓN DECIMAL DEWEY | |
| Número de clasificación (R) | 862.5 G17b |
| 100 1# - • PUNTO DE ACCESO PRINCIPAL-NOMBRE DE PERSONA | |
| Nombre de persona | Garcia Lorca, Federico |
| 245 10 - • TITULO PROPIAMENTE DICHO | |
| Título | Bodas de Sangre |
| 300 ## - • DESCRIPCIÓN FÍSICA | |
| Extensión | 124, 67 p |
| 490 ## - • MENCIÓN DE SERIE | |
| Mención de serie | Cara y cruz |
| 500 ## - • NOTA GENERAL | |
| Nota general | Encuadernado con A propósito de Federico García Lorca y su obra. |
| 590 ## - NOTAS LOCALES | |
| Nota local | Ejemplares : 4 (2 Ejen 2 : Editorial Educar Cultural Recreataiva) |
| 650 14 - • PUNTO DE ACCESO ADICIONAL DE MATERIA - TÉRMINO DE MATERIA | |
| Término de materia o nombre geográfico como elemento inicial | TEATRO ESPAÑOL |
| 942 ## - ENTRADA DE ELEMENTOS AGREGADOS (KOHA) | |
| Fuente de clasificaión o esquema | Dewey Decimal Classification |
| Koha [por defecto] tipo de item | LIbro |
| Perdido | Fuente de clasificación o esquema | Estado Físico | No para préstamo | Forma de adquisición | Localización permanente | Localización actual | Fecha adquisición | Serie de enumeración / cronolog&íacute;a | Préstamos totales | Signatura completa | Código de barras | Fecha última consulta | Número de copia | Fecha del precio de reemplazo | Tipo de item de Koha | Renovaciones totales | Fecha último préstamo | Localización en estanterías |
|---|---|---|---|---|---|---|---|---|---|---|---|---|---|---|---|---|---|---|
| Dewey Decimal Classification | Sala General | Biblioteca Barrio Emporio - Villavicencio | Biblioteca Barrio Emporio - Villavicencio | 12/04/2015 | Volumen. 1 | 11/jun/2009 | 862.5 G17b | 37981 | 05/22/2017 | Ej. 1 | 12/04/2015 | LIbro | |||||||
| Dewey Decimal Classification | Sala General Segundo Piso | Biblioteca Pública Germán Arciniegas - Villavicencio | Biblioteca Pública Germán Arciniegas - Villavicencio | 12/04/2015 | Volumen. 1 | 11/jun/2009 | 1 | 862.5 G17b | 23 | 07/19/2016 | Ej. 1 | 12/04/2015 | LIbro | 3 | 04/05/2016 | ||||
| Dewey Decimal Classification | Sala General Segundo Piso | Biblioteca Pública Germán Arciniegas - Villavicencio | Biblioteca Pública Germán Arciniegas - Villavicencio | 06/05/2018 | Volumen. 1 | 11/jun/2009 | 862.5 G17b | 23-1 | 06/22/2017 | Ej. 2 | 12/04/2015 | LIbro | |||||||
| Dewey Decimal Classification | Sala General Segundo Piso | Biblioteca Pública Germán Arciniegas - Villavicencio | Biblioteca Pública Germán Arciniegas - Villavicencio | 12/04/2015 | Volumen. 1 | 11/jun/2009 | 862.5 G17b | 23-3 | 06/22/2017 | Ej. 4 | 12/04/2015 | LIbro | |||||||
| Dewey Decimal Classification | Sala General Segundo Piso | Biblioteca Pública Germán Arciniegas - Villavicencio | Biblioteca Pública Germán Arciniegas - Villavicencio | 12/04/2015 | Volumen. 1 | 11/jun/2009 | 862.5 G17b | 23-2 | 06/22/2017 | Ej. 3 | 12/04/2015 | LIbro | |||||||
| Dewey Decimal Classification | Colección General | Biblioteca Pública Uribe - Reinerio Arenas | Biblioteca Pública Uribe - Reinerio Arenas | 08/16/2024 | 862.5 G17b | URI01141 | 08/16/2024 | Ej.1 | 08/16/2024 | LIbro | General |